BIBLIOTHÈQUE DE LA MAISON DU MEXIQUE

Logo 1 Logo 2

Nuestra señora de la Esperanza (notice nᵒ 6222)

détails MARC
000 -Sello discográfico
campo de control de longitud fija 00900nam a2200277 4500
005 - Identificación de versión
campo de control 20251016084615.0
010 ## - Número Estándar Internacional de Libros (ISBN)
Número (ISBN) 968-6119-11-6
099 ## - fechas locales
Tipo de ítem Koha LIBRO
100 ## - Datos de procesamiento general
Datos de procesamiento general 20221025d1997 m y1spay5003 ba
105 ## - Campo de datos codificados: Material textual, monográfico
Datos codificados de monografía a 001zy
200 1# - Título y mención de responsabilidad
Título propio Nuestra señora de la Esperanza
Designación general del material texto impreso
Otra información del título historia de una imagen
Primer mención de responsabilidad Aureliano Tapia Méndez
210 ## - Publicación, distribución, etc.
Lugar de publicación, distribución, etc. México
Nombre del editor, distribuidor, etc. Producciones Al Voleo El Troquel
Fecha de publicación, distribución, etc. 1997
215 ## - Descripción física
Designación de material específico y extensión del ítem 147 p
Otras características físicas il., facs.
Dimensiones 23 cm
345 ## - Nota de información de adquisición
Fuente de adquisición/dirección de la suscripción [OBSOLETO] Donación Alain Musset
607 ## - Nombre geográfico utilizado como tema
Elemento de entrada Jacona (Michoacán)
Subdivisión temática Condiciones sociales
Número Koha 11819
607 ## - Nombre geográfico utilizado como tema
Elemento de entrada Michoacán (México)
Subdivisión temática Historia
Número Koha 2238
660 ## - Código de área geográfica
Código MX
700 ## - Nombre personal - Responsabilidad primaria
Elemento de entrada Tapia Méndez
Parte del nombre distinta del elemento de entrada Aureliano
Fechas 1931-2011
Número Koha 11820
801 #0 - Fuente de origen
País FR
Agencia cm
Reglas de catalogación (convenciones descriptivas) AFNOR
900 ## -
-- 1/21796
900 ## -
-- 7100417642\080104
942 ## - ELEMENTOS DE ENTRADA SECUNDARIOS (KOHA)
Tipo de ítem Koha Livre
996 ## -
-- MEX
-- 751145101
-- MMAG
-- 006943
-- 232.93 T172NU
-- 20221025LIV
Exemplaires
Estatus retirado Estado de daño Estado de pérdida Fecha de adquisición Biblioteca de origen Biblioteca actual Ubicación en estantería Código de barras Precio de reemplazo Signatura topográfica completa No para préstamo Tipo de ítem Koha Nota pública Nota no pública
      05/08/2025 Casa México Paris Casa México Paris   006943 05/08/2025 232.93 T172NU   Livre 20221025LIV 751145101